000 02374pam a22002895i 4500
001 3440367
005 20240325172435.0
008 230615s2024 e 0 eng
010 _a 2023031787
020 _a9780593582046
020 _a0593582047
040 _erda
050 0 0 _aHQ784.V53
_bK36 2023
082 0 0 _a794.801/9083
_223
082 1 4 _a794.801
092 _aGeneral NonFiction
_b794.8 Kanojia
100 1 _aKanojia, Alok,
_eauthor.
_96484201
245 1 0 _aHow to raise a healthy gamer:
_bend power struggles, break bad screen habits, and transform your relationship with your kids
264 _aNew York
_bRodale Books
_c2024
500 _aBrodart Bibz On-Order Record
520 _a"When it comes to family rules around video games, most parents are at a loss. How much should I let them play? is always a parent's first question, but when their child becomes irritable, rude, or seemingly directionless, the question becomes more urgent: Help! How do I get them to be interested in anything else?! Known as "Dr. K" to his millions of followers, the former Harvard Medical School instructor and founder of the unique gamer's support resource Healthy Gamer, Dr. Alok Kanojia has firsthand experience with video gaming and addiction: He needed professional help to break his own addiction in college, and his parents had very little guidance for how to help him. Written to fill the resource void that still exists, How to Raise a Healthy Gamer provides parents with critical information about gaming culture, how games affect developing brains, and solutions rooted in the science treating addiction, including: The neuroscientific and psychological reasons that children gravitate to video games and how addiction develops. Step-by-step guidelines for setting, enforcing, and troubleshooting healthy gaming boundaries. Essential strategies for reaching kids who have developed a serious gaming problem. Special chapters on behavioral issues that often accompany game use: ADHD, spectrum disorders, and substance abuse. Whether a parent's goal is to stop addiction or just promote healthy habits, How to Raise a Healthy Gamer will help them better understand, communicate with, and-ultimately-nurture their children"--
942 _2ddc
_cBOOK
999 _c394703
_d394703
999 _b794.801/9083